00000000nam 2200000zi 4500
0019.945440
003CaOODSP
00520241122094112
006m     o  d f      
007cr mn|||||||||
008241121t19831983onca    o    f000 0|eng d
020 |z0662124510
040 |aCaOODSP|beng|erda|cCaOODSP
043 |an-cn---
0861 |aCo22-38/1983E-PDF|zCo22-38/1983E
24500|aTowards a new national broadcasting policy : |bnew policies and initiatives to provide Canadians with greater program choice and make the Canadian broadcasting industry more competitive : a response to new technologies and a changing environment.
264 1|a[Ottawa] : |bGovernment of Canada, Department of Communications = Gouvernement du Canada, Ministère des Communications, |c1983.
264 4|c©1983
300 |a1 online resource (1 volume (various pagings)) : |billustrations
336 |atext|btxt|2rdacontent
337 |acomputer|bc|2rdamedia
338 |aonline resource|bcr|2rdacarrier
500 |aDigitized edition from print [produced by Innovation, Science and Economic Development Canada].
500 |aIssued also in French under title: Vers une nouvelle politique nationale de la radiotélédiffusion : mesures et initiatives nouvelles visant à élargir le choix d'émissions offert aux Canadiens, à accroître la compétitivité de l'industrie canadienne de la radiotélédiffusion et enfin, à relever le défi que présentent les nouvelles techniques et leurs effets sur notre environnement.
650 0|aBroadcasting|zCanada.
650 0|aBroadcasting policy|zCanada.
7101 |aCanada. |bDepartment of Communications, |eissuing body.
77508|tVers une nouvelle politique nationale de la radiotélédiffusion : |w(CaOODSP)9.945445
85640|qPDF|s9.21 MB|uhttps://publications.gc.ca/collections/collection_2024/isde-ised/co22/Co22-38-1983-eng.pdf